[Event "DEM U14w 2020"]
[Site "Willingen GER"]
[Date "2020.10.20"]
[Round "1"]
[White "Zhou, Lepu Coco"]
[Black "Ulrich, Helena Irene"]
[Result "1-0"]
[Termination "normal"]
[Board "1"]
[WhiteElo "1872"]
[BlackElo "1610"]
[WhiteClock "01:24:25"]
[BlackClock "00:08:21"]
[PlyCount "109"]
[WhiteFideId "16217136"]
[BlackFideId "16256000"]
[EventCountry "GER"]
[EventRounds "7"]
[EventType "swiss"]
[EventDate "2020.10.19"]

1. e4 {[%clk 1:30:54]} c5 {[%clk 1:30:55]} 2. Nf3 {[%clk 1:31:16]} Nc6 {[%clk
1:31:20]} 3. c4 {[%clk 1:31:33]} e6 {[%clk 1:30:02]} 4. Nc3 {[%clk 1:31:55]} d6
{[%clk 1:27:56]} 5. d4 {[%clk 1:32:16]} cxd4 {[%clk 1:28:10]} 6. Nxd4 {[%clk
1:32:38]} Nf6 {[%clk 1:28:25]} 7. Be3 {[%clk 1:32:46]} Be7 {[%clk 1:27:44]} 8.
Be2 {[%clk 1:33:05]} O-O {[%clk 1:27:42]} 9. O-O {[%clk 1:33:01]} Bd7 {[%clk
1:22:24]} 10. Rc1 {[%clk 1:32:37]} Nxd4 {[%clk 1:22:05]} 11. Bxd4 {[%clk
1:32:48]} Bc6 {[%clk 1:22:11]} 12. f3 {[%clk 1:31:45]} a5 {[%clk 1:19:30]} 13.
b3 {[%clk 1:29:45]} Qc7 {[%clk 1:10:10]} 14. Nd5 {[%clk 1:28:13]} Qd8 {[%clk
0:55:09]} 15. Bb6 {[%clk 1:25:57]} Qd7 {[%clk 0:54:48]} 16. Nxe7+ {[%clk
1:25:28]} Qxe7 {[%clk 0:55:12]} 17. Qd2 {[%clk 1:25:50]} a4 {[%clk 0:48:52]}
18. b4 {[%clk 1:25:43]} Rfc8 {[%clk 0:37:05]} 19. Rfd1 {[%clk 1:24:03]} d5
{[%clk 0:19:30]} 20. b5 {[%clk 1:21:53]} Be8 {[%clk 0:19:49]} 21. cxd5 {[%clk
1:21:54]} exd5 {[%clk 0:20:05]} 22. exd5 {[%clk 1:19:43]} Nxd5 {[%clk 0:16:58]}
23. Bd4 {[%clk 1:15:00]} Nc7 {[%clk 0:13:55]} 24. b6 {[%clk 0:59:22]} Ne6
{[%clk 0:12:30]} 25. Bf2 {[%clk 0:57:39]} Rxc1 {[%clk 0:10:54]} 26. Rxc1 {[%clk
0:55:33]} Rd8 {[%clk 0:10:23]} 27. Qe3 {[%clk 0:55:01]} Qg5 {[%clk 0:04:06]}
28. Qxg5 {[%clk 0:54:42]} Nxg5 {[%clk 0:04:32]} 29. Be3 {[%clk 0:52:43]} Ne6
{[%clk 0:04:31]} 30. f4 {[%clk 0:52:03]} h6 {[%clk 0:02:11]} 31. f5 {[%clk
0:52:01]} Nd4 {[%clk 0:02:13]} 32. Bxd4 {[%clk 0:51:20]} Rxd4 {[%clk 0:02:38]}
33. Rc8 {[%clk 0:51:42]} Re4 {[%clk 0:01:27]} 34. Bb5 {[%clk 0:52:01]} Kf8
{[%clk 0:01:49]} 35. Bc6 {[%clk 0:51:20]} bxc6 {[%clk 0:00:39]} 36. b7 {[%clk
0:51:39]} Rb4 {[%clk 0:01:08]} 37. b8=Q {[%clk 0:51:50]} Rxb8 {[%clk 0:01:33]}
38. Rxb8 {[%clk 0:52:15]} Ke7 {[%clk 0:01:36]} 39. Rb4 {[%clk 0:52:18]} c5
{[%clk 0:01:41]} 40. Re4+ {[%clk 0:52:41]} Kd8 {[%clk 0:01:29]} 41. Re5 {[%clk
0:53:04]} c4 42. Rc5 {[%clk 0:53:16]} Ke7 {[%clk 0:29:49]} 43. Rxc4 {[%clk
1:23:30]} Kd6 {[%clk 0:25:10]} 44. Re4 {[%clk 1:23:05]} Bc6 {[%clk 0:24:35]}
45. Rg4 {[%clk 1:23:18]} Ke5 {[%clk 0:17:22]} 46. Rxg7 {[%clk 1:23:27]} Kxf5
{[%clk 0:16:13]} 47. Rxf7+ {[%clk 1:23:46]} Kg5 {[%clk 0:15:28]} 48. Rc7 {[%clk
1:23:49]} Be8 {[%clk 0:15:20]} 49. Rc4 {[%clk 1:24:06]} h5 {[%clk 0:09:38]} 50.
Kf2 {[%clk 1:23:59]} Kg6 {[%clk 0:09:01]} 51. Kg3 {[%clk 1:23:54]} Kg5 {[%clk
0:08:41]} 52. Rc5+ {[%clk 1:24:00]} Kg6 {[%clk 0:09:00]} 53. Kf4 {[%clk
1:24:18]} Kf6 {[%clk 0:08:32]} 54. Ra5 {[%clk 1:24:14]} Kg6 {[%clk 0:08:21]}
55. Ra6+ {[%clk 1:24:25]} 1-0

[Event "DEM U14w 2020"]
[Site "Willingen GER"]
[Date "2020.10.20"]
[Round "1"]
[White "Wagner, Margarethe"]
[Black "Deák-Sala, Emília"]
[Result "1-0"]
[Termination "normal"]
[Board "3"]
[WhiteElo "1804"]
[BlackElo "1641"]
[WhiteClock "00:17:51"]
[BlackClock "00:20:02"]
[PlyCount "101"]
[WhiteFideId "16236947"]
[BlackFideId "795615"]
[EventCountry "GER"]
[EventRounds "7"]
[EventType "swiss"]
[EventDate "2020.10.19"]

1. e4 {[%clk 1:30:57]} c5 {[%clk 1:30:57]} 2. Nf3 {[%clk 1:31:21]} Nc6 {[%clk
1:31:22]} 3. d4 {[%clk 1:31:45]} cxd4 {[%clk 1:31:48]} 4. Nxd4 {[%clk 1:32:09]}
Qb6 {[%clk 1:32:14]} 5. Nb3 {[%clk 1:28:49]} Nf6 {[%clk 1:32:39]} 6. Nc3 {[%clk
1:27:29]} e6 {[%clk 1:33:03]} 7. a3 {[%clk 1:24:57]} Be7 {[%clk 1:17:54]} 8.
Be2 {[%clk 1:21:47]} Qc7 {[%clk 1:15:12]} 9. O-O {[%clk 1:18:22]} b6 {[%clk
1:12:54]} 10. f4 {[%clk 1:15:49]} O-O {[%clk 1:04:35]} 11. e5 {[%clk 1:00:51]}
Ne8 {[%clk 1:04:26]} 12. Bf3 {[%clk 1:00:35]} Bb7 {[%clk 1:00:56]} 13. Qe2
{[%clk 0:55:03]} f6 {[%clk 0:57:02]} 14. Nb5 {[%clk 0:50:09]} Qb8 {[%clk
0:55:29]} 15. Rd1 {[%clk 0:47:13]} a6 {[%clk 0:38:49]} 16. Nc3 {[%clk 0:39:35]}
Qc7 {[%clk 0:37:18]} 17. Kh1 {[%clk 0:36:34]} Rb8 {[%clk 0:30:57]} 18. Re1
{[%clk 0:30:38]} fxe5 {[%clk 0:29:33]} 19. fxe5 {[%clk 0:30:57]} Bh4 {[%clk
0:28:37]} 20. Rf1 {[%clk 0:22:51]} Nxe5 {[%clk 0:27:35]} 21. Bxb7 {[%clk
0:22:52]} Rxf1+ {[%clk 0:25:55]} 22. Qxf1 {[%clk 0:23:18]} Ng4 {[%clk 0:23:38]}
23. Bf4 {[%clk 0:21:12]} Qxb7 {[%clk 0:11:19]} 24. Bxb8 Qxb8 {[%clk 0:10:36]}
25. g3 {[%clk 0:19:02]} Nef6 {[%clk 0:05:24]} 26. Qf3 {[%clk 0:11:19]} Bg5
{[%clk 0:04:00]} 27. Re1 {[%clk 0:10:55]} Ne5 {[%clk 0:03:30]} 28. Qg2 {[%clk
0:09:50]} Nfg4 {[%clk 0:03:41]} 29. Nd1 {[%clk 0:09:04]} Qf8 {[%clk 0:03:17]}
30. Nd4 {[%clk 0:08:41]} h6 {[%clk 0:02:21]} 31. h3 {[%clk 0:08:42]} Qc5 {[%clk
0:02:36]} 32. Nb3 {[%clk 0:08:03]} Qd6 {[%clk 0:01:33]} 33. hxg4 {[%clk
0:07:48]} Nxg4 {[%clk 0:01:43]} 34. Qf3 {[%clk 0:07:16]} Ne5 {[%clk 0:01:52]}
35. Qe4 {[%clk 0:07:05]} Nc6 {[%clk 0:01:49]} 36. Kg2 {[%clk 0:06:44]} a5
{[%clk 0:02:06]} 37. Qd3 {[%clk 0:06:09]} Qc7 {[%clk 0:02:10]} 38. Qe4 {[%clk
0:03:49]} Qd6 {[%clk 0:02:20]} 39. Qd3 {[%clk 0:02:58]} Qc7 {[%clk 0:02:45]}
40. Nf2 {[%clk 0:02:54]} Bf6 {[%clk 0:01:28]} 41. c3 {[%clk 0:01:56]} Ne5
{[%clk 0:00:57]} 42. Qe4 {[%clk 0:29:26]} Nc4 {[%clk 0:27:20]} 43. Ng4 {[%clk
0:28:48]} Bg5 {[%clk 0:26:00]} 44. Re2 {[%clk 0:22:11]} Nd6 {[%clk 0:22:47]}
45. Qf3 {[%clk 0:21:08]} Nf5 {[%clk 0:21:32]} 46. Nd4 {[%clk 0:21:05]} Nd6
{[%clk 0:21:23]} 47. Rf2 {[%clk 0:20:47]} Nc4 {[%clk 0:20:03]} 48. Qf8+ {[%clk
0:20:04]} Kh7 {[%clk 0:20:26]} 49. Rf7 {[%clk 0:18:41]} Kg6 {[%clk 0:19:33]}
50. Rxg7+ {[%clk 0:17:45]} Kh5 {[%clk 0:20:02]} 51. Nf6+ {[%clk 0:17:51]} 1-0